00374nam a22001337a 450000500170000000800410001704100130005808200120007110000120008324500380009526000530013330000290018665000250021520240802130413.0240802b |||||||| |||| 00| 0 eng d aEnglish  a349 NAT lEnglish aSouth African Law Reports: Natal  aJohannesburg: bDigma Publications, c1941-1942  bxv, 416 pages; c25 cm.  aLegal practice bLaw